[Event "Aurora Spring op U2000"]
[Site "Aurora CAN"]
[Date "2017.04.02"]
[Round "4.4"]
[White "Zhao, Jeffrey Renfei"]
[Black "Kilroy, Evan"]
[Result "1-0"]
[WhiteElo "1367"]
[BlackElo "1612"]
[WhiteFideId "-1"]
[WhiteFideId "-1"]
[PlyCount "37"]
[GameId "2160767908477823"]
[EventDate "2017.04.01"]
[EventType "swiss"]
[EventRounds "5"]
[EventCountry "CAN"]
[SourceTitle "EXT 2022"]
[Source "ChessBase"]
[SourceDate "2021.10.06"]
[SourceVersion "1"]
[SourceVersionDate "2021.10.06"]
[SourceQuality "1"]

1. e4 e5 2. Nf3 Nc6 3. Bc4 Bc5 4. O-O Nf6 5. d4 Bxd4 6. Nxd4 Nxd4 7. Bg5 d6 8. f4 Nc6 9. Nc3 exf4 10. Rxf4 Ne5 11. Bb3 Be6 12. Bxe6 fxe6 13. Bxf6 gxf6 14. Qh5+ Ng6 15. Raf1 O-O 16. Rg4 Qe8 17. Rf3 Kh8 18. Rh3 Qf7 19. Rxg6 1-0

[Event "Aurora Spring op U2000"]
[Site "Aurora CAN"]
[Date "2017.04.02"]
[Round "4.5"]
[White "Rusonik, Max"]
[Black "Onwuka, Emeka"]
[Result "0-1"]
[WhiteElo "1718"]
[BlackElo "1568"]
[WhiteFideId "-1"]
[WhiteFideId "-1"]
[PlyCount "76"]
[GameId "2160767908477824"]
[EventDate "2017.04.01"]
[EventType "swiss"]
[EventRounds "5"]
[EventCountry "CAN"]
[SourceTitle "EXT 2022"]
[Source "ChessBase"]
[SourceDate "2021.10.06"]
[SourceVersion "1"]
[SourceVersionDate "2021.10.06"]
[SourceQuality "1"]

1. e4 e6 2. d4 d6 3. Nf3 Ne7 4. Bd3 Ng6 5. c3 a5 6. a4 Be7 7. Na3 c6 8. Be3 O-O 9. g3 f5 10. exf5 exf5 11. Qc2 Kh8 12. O-O-O d5 13. Nb1 Bd7 14. Ne5 Nxe5 15. dxe5 b5 16. axb5 cxb5 17. Qb3 Be6 18. Bxb5 Nd7 19. Bxd7 Qxd7 20. Rd2 Qc6 21. Qb6 Qc8 22. f4 a4 23. Bd4 Qd7 24. Bf2 Rfb8 25. Qe3 a3 26. Nxa3 Bxa3 27. bxa3 Rxa3 28. Re1 Ra1+ 29. Kc2 Qa4+ 30. Kd3 Qc4+ 31. Kc2 Ra2+ 32. Kc1 Qb3 33. Rxa2 Qxa2 34. Qd3 Qxf2 35. Qe2 Qc5 36. Qe3 Qa3+ 37. Kc2 Rb2+ 38. Kd3 Qa6+ 0-1

[Event "Aurora Spring op U2000"]
[Site "Aurora CAN"]
[Date "2017.04.02"]
[Round "4.6"]
[White "Ruan, Colin"]
[Black "Zhu, Alyssa Jiarong"]
[Result "0-1"]
[WhiteElo "1532"]
[BlackElo "1368"]
[WhiteFideId "-1"]
[WhiteFideId "-1"]
[PlyCount "98"]
[GameId "2160767908477825"]
[EventDate "2017.04.01"]
[EventType "swiss"]
[EventRounds "5"]
[EventCountry "CAN"]
[SourceTitle "EXT 2022"]
[Source "ChessBase"]
[SourceDate "2021.10.06"]
[SourceVersion "1"]
[SourceVersionDate "2021.10.06"]
[SourceQuality "1"]

1. Nf3 d5 2. c4 c6 3. d4 Nf6 4. e3 g6 5. Nc3 Bg7 6. Bd3 O-O 7. O-O dxc4 8. Bxc4 Nbd7 9. Re1 b5 10. Bb3 e6 11. a3 Bb7 12. e4 a6 13. e5 Nd5 14. Ne4 Qc7 15. Nfg5 h6 16. Qg4 N7b6 17. Nf3 Kh7 18. Qh4 Rh8 19. Nf6+ Nxf6 20. exf6 Bf8 21. Bf4 Qd8 22. Bxe6 Kg8 23. Qg4 Qxf6 24. Be5 Qxe6 25. Qxe6 fxe6 26. Bxh8 Kxh8 27. Rxe6 g5 28. Ne5 Bg7 29. Nxc6 Bxc6 30. Rxc6 Nc4 31. Rc1 Bxd4 32. Rxh6+ Kg7 33. Rc6 Bxb2 34. Re1 Bxa3 35. Rc7+ Kf8 36. g3 Bb4 37. Rd1 Bd2 38. Rxc4 bxc4 39. Rxd2 a5 40. Kf1 a4 41. Ra2 Ke7 42. Ke2 Kd6 43. Kd2 Kc5 44. Kc3 g4 45. Ra3 Ra7 46. Ra2 a3 47. Kc2 Kb4 48. Kb1 Kb3 49. Rc2 a2+ 0-1

[Event "Aurora Spring op U2000"]
[Site "Aurora CAN"]
[Date "2017.04.02"]
[Round "4.7"]
[White "Zhao, Jeffrey Renfei"]
[Black "Garel, Rick"]
[Result "1-0"]
[WhiteElo "1180"]
[BlackElo "1699"]
[WhiteFideId "-1"]
[WhiteFideId "-1"]
[PlyCount "81"]
[GameId "2160767908477826"]
[EventDate "2017.04.01"]
[EventType "swiss"]
[EventRounds "5"]
[EventCountry "CAN"]
[SourceTitle "EXT 2022"]
[Source "ChessBase"]
[SourceDate "2021.10.06"]
[SourceVersion "1"]
[SourceVersionDate "2021.10.06"]
[SourceQuality "1"]

1. e4 e6 2. d4 d5 3. Nc3 Bb4 4. e5 c5 5. a3 Bxc3+ 6. bxc3 Ne7 7. Nf3 Nbc6 8. Bd3 Qa5 9. Bd2 c4 10. Be2 Bd7 11. O-O f6 12. exf6 gxf6 13. Rb1 O-O-O 14. Qc1 Rdg8 15. Qb2 Qc7 16. Rfe1 h5 17. Bf1 h4 18. Kh1 Be8 19. Qc1 Ng6 20. Rb2 Nd8 21. Be3 Qg7 22. a4 h3 23. g3 e5 24. a5 e4 25. Nd2 f5 26. Nb1 Ne6 27. Na3 f4 28. Bd2 fxg3 29. fxg3 Qf7 30. Qd1 Rf8 31. Nb5 Bxb5 32. Rxb5 Nc7 33. Rb1 Qf5 34. Be3 Rf7 35. Be2 Qf6 36. Qc1 Rhf8 37. Rf1 Qe6 38. Re1 Rf2 39. Bxf2 Rxf2 40. Qd1 e3 41. Bg4 1-0

[Event "Aurora Spring op U2000"]
[Site "Aurora CAN"]
[Date "2017.04.02"]
[Round "5"]
[White "Chen, Andrew2"]
[Black "Pishdad, Hassan"]
[Result "0-1"]
[WhiteElo "1027"]
[BlackElo "995"]
[WhiteFideId "-1"]
[WhiteFideId "-1"]
[PlyCount "114"]
[GameId "2160767908477827"]
[EventDate "2017.04.01"]
[EventType "swiss"]
[EventRounds "5"]
[EventCountry "CAN"]
[SourceTitle "EXT 2022"]
[Source "ChessBase"]
[SourceDate "2021.10.06"]
[SourceVersion "1"]
[SourceVersionDate "2021.10.06"]
[SourceQuality "1"]

1. e4 c5 2. Nf3 e6 3. d3 d5 4. Nc3 d4 5. Nb5 Qa5+ 6. c3 Qxb5 7. cxd4 Qd7 8. dxc5 Bxc5 9. d4 Be7 10. Bc4 Nf6 11. e5 Nd5 12. O-O O-O 13. a3 a6 14. Qc2 h6 15. Be3 b5 16. Bd3 Bb7 17. Bh7+ Kh8 18. Bd3 b4 19. Qd2 Nxe3 20. fxe3 Nc6 21. Bc2 bxa3 22. bxa3 Qd8 23. Qd3 g6 24. e4 Rc8 25. Qe3 Bg5 26. Nxg5 Qxg5 27. Qxg5 hxg5 28. d5 exd5 29. exd5 Nxe5 30. Bb3 Rcd8 31. Rad1 Kg7 32. Kf2 f6 33. Rd2 Rd6 34. Rfd1 Rfd8 35. h3 g4 36. Rd4 gxh3 37. gxh3 g5 38. Ke3 Re8 39. Kf2 Bc8 40. Rh1 Nc6 41. Rdd1 Na5 42. Ba2 f5 43. Rdg1 Kg6 44. h4 g4 45. Rd1 Kh5 46. Kg3 Re3+ 47. Kf4 Re4+ 48. Kg3 Ra4 49. Rd3 Bd7 50. Kf2 Rf4+ 51. Kg3 Re4 52. Bb1 f4+ 53. Kf2 Rc4 54. Rg1 g3+ 55. Kf3 Nb7 56. Rh1 Nc5 57. Rdd1 Bb5 0-1

[Event "Aurora Spring op U2000"]
[Site "Aurora CAN"]
[Date "2017.04.02"]
[Round "5.1"]
[White "Ning, Eric"]
[Black "Shah, Omar"]
[Result "1/2-1/2"]
[WhiteElo "1591"]
[BlackElo "1803"]
[WhiteFideId "-1"]
[WhiteFideId "-1"]
[PlyCount "70"]
[GameId "2160767908477828"]
[EventDate "2017.04.01"]
[EventType "swiss"]
[EventRounds "5"]
[EventCountry "CAN"]
[SourceTitle "EXT 2022"]
[Source "ChessBase"]
[SourceDate "2021.10.06"]
[SourceVersion "1"]
[SourceVersionDate "2021.10.06"]
[SourceQuality "1"]

1. d4 Nf6 2. c4 e6 3. Nf3 b6 4. a3 Bb7 5. Nc3 d6 6. d5 exd5 7. cxd5 g6 8. e4 Bg7 9. Bd3 O-O 10. O-O Nbd7 11. Bf4 Re8 12. Nd2 Nc5 13. Qc2 a5 14. Be3 Nxd3 15. Qxd3 Ng4 16. Bd4 Ba6 17. Nc4 Qh4 18. h3 Ne5 19. Bxe5 Rxe5 20. Rac1 Rg5 21. b3 Re8 22. Rfe1 Bxc4 23. bxc4 Bxc3 24. Qxc3 Rge5 25. f3 f5 26. c5 dxc5 27. Qb3 Kg7 28. d6 Qd8 29. Qc3 Kf7 30. Qb3+ Kf8 31. dxc7 Qxc7 32. Qc3 Qg7 33. Qb3 R5e6 34. Kh1 Qf6 35. Rcd1 Rd6 1/2-1/2

[Event "Aurora Spring op U2000"]
[Site "Aurora CAN"]
[Date "2017.04.02"]
[Round "5.3"]
[White "Robertson, Kole"]
[Black "Zhao, Jeffrey Renfei"]
[Result "1-0"]
[WhiteElo "1642"]
[BlackElo "1367"]
[WhiteFideId "-1"]
[WhiteFideId "-1"]
[PlyCount "75"]
[GameId "2160767908477830"]
[EventDate "2017.04.01"]
[EventType "swiss"]
[EventRounds "5"]
[EventCountry "CAN"]
[SourceTitle "EXT 2022"]
[Source "ChessBase"]
[SourceDate "2021.10.06"]
[SourceVersion "1"]
[SourceVersionDate "2021.10.06"]
[SourceQuality "1"]

1. d4 d5 2. Nf3 Nf6 3. e3 e6 4. Bd3 Nbd7 5. Nbd2 b6 6. O-O Bd6 7. b3 O-O 8. Bb2 Bb7 9. Ne5 c5 10. f4 Rc8 11. Qe2 Bb8 12. Ndf3 Ne4 13. Nxd7 Qxd7 14. Ne5 Qd8 15. Rad1 f6 16. Bxe4 dxe4 17. dxc5 Bd5 18. Ng4 Qc7 19. c4 Bc6 20. cxb6 axb6 21. Rd2 Qf7 22. Rfd1 Bc7 23. Ba3 Rfe8 24. Bd6 Red8 25. Bxc7 Qxc7 26. Rd4 Be8 27. Nf2 f5 28. Qd2 Rxd4 29. Qxd4 Ra8 30. Rd2 b5 31. c5 Rc8 32. b4 Bc6 33. Nd1 Kf7 34. Nc3 Rb8 35. g4 g6 36. g5 Rb7 37. Qf6+ Kg8 38. Rd8+ 1-0

[Event "Aurora Spring op U2000"]
[Site "Aurora CAN"]
[Date "2017.04.02"]
[Round "5.4"]
[White "Zhu, Alyssa Jiarong"]
[Black "Jiang, Brian"]
[Result "0-1"]
[WhiteElo "1368"]
[BlackElo "1744"]
[WhiteFideId "-1"]
[WhiteFideId "-1"]
[PlyCount "82"]
[GameId "2160767908477831"]
[EventDate "2017.04.01"]
[EventType "swiss"]
[EventRounds "5"]
[EventCountry "CAN"]
[SourceTitle "EXT 2022"]
[Source "ChessBase"]
[SourceDate "2021.10.06"]
[SourceVersion "1"]
[SourceVersionDate "2021.10.06"]
[SourceQuality "1"]

1. d4 Nf6 2. c4 e6 3. Nc3 Bb4 4. Bd2 c5 5. Nf3 O-O 6. e3 cxd4 7. Nxd4 Nc6 8. Nxc6 bxc6 9. a3 Be7 10. Be2 d5 11. O-O Rb8 12. b4 Bd7 13. c5 Qc7 14. h3 e5 15. Bd3 Rfd8 16. Qc2 g6 17. Rfd1 e4 18. Be2 Qc8 19. h4 Bf5 20. Qa4 Qc7 21. g3 Ng4 22. Kg2 Bxh4 23. Rh1 Bg5 24. Rad1 d4 25. exd4 Bxd2 26. Rxd2 Nxf2 27. Rh2 e3 28. Rb2 Rxd4 29. Bf3 Ne4 30. Nxe4 Bxe4 31. Bxe4 Rxe4 32. Re2 Rd8 33. Qc2 Qe5 34. Kf3 Rdd4 35. Qc1 Rg4 36. Reg2 e2 37. Rh1 Qf5+ 38. Kxe2 Rge4+ 39. Qe3 Rxe3+ 40. Kxe3 Qe4+ 41. Kf2 Rd2+ 0-1

[Event "Aurora Spring op U2000"]
[Site "Aurora CAN"]
[Date "2017.04.02"]
[Round "5.5"]
[White "Onwuka, Emeka"]
[Black "Zhao, Jeffrey Renfei"]
[Result "1-0"]
[WhiteElo "1568"]
[BlackElo "1180"]
[WhiteFideId "-1"]
[WhiteFideId "-1"]
[PlyCount "69"]
[GameId "2160767908477832"]
[EventDate "2017.04.01"]
[EventType "swiss"]
[EventRounds "5"]
[EventCountry "CAN"]
[SourceTitle "EXT 2022"]
[Source "ChessBase"]
[SourceDate "2021.10.06"]
[SourceVersion "1"]
[SourceVersionDate "2021.10.06"]
[SourceQuality "1"]

1. f4 d6 2. e4 Nf6 3. d3 g6 4. Be2 Bg7 5. c3 c5 6. Na3 Nc6 7. Nf3 O-O 8. O-O Rb8 9. Qe1 b5 10. Nc2 Qb6 11. Kh1 Ba6 12. e5 Nd7 13. Qh4 dxe5 14. fxe5 Ndxe5 15. Bh6 Qd8 16. Bxg7 Kxg7 17. Ng5 h6 18. Rxf7+ Rxf7 19. Ne6+ Kh7 20. Nxd8 Rxd8 21. h3 Nxd3 22. Bxd3 Rxd3 23. Qe4 Rd6 24. b4 c4 25. a4 bxa4 26. Rxa4 Bb5 27. Ra1 Rd2 28. Na3 Ba4 29. Nxc4 Bc2 30. Qxc6 Re2 31. Qc5 Be4 32. Rg1 Rff2 33. Ne3 Rf7 34. Qxa7 Kg7 35. Qd4+ 1-0

[Event "Aurora Spring op U2000"]
[Site "Aurora CAN"]
[Date "2017.04.02"]
[Round "5.7"]
[White "Ruan, Colin"]
[Black "Rusonik, Max"]
[Result "0-1"]
[WhiteElo "1532"]
[BlackElo "1718"]
[WhiteFideId "-1"]
[WhiteFideId "-1"]
[PlyCount "100"]
[GameId "2160767908477834"]
[EventDate "2017.04.01"]
[EventType "swiss"]
[EventRounds "5"]
[EventCountry "CAN"]
[SourceTitle "EXT 2022"]
[Source "ChessBase"]
[SourceDate "2021.10.06"]
[SourceVersion "1"]
[SourceVersionDate "2021.10.06"]
[SourceQuality "1"]

1. Nf3 f5 2. d4 Nf6 3. g3 g6 4. Bg2 Bg7 5. c4 O-O 6. Nc3 d6 7. O-O c6 8. Qc2 Na6 9. a3 c5 10. Rd1 cxd4 11. Nxd4 Nc5 12. e3 a6 13. Nb3 Nfd7 14. Nd4 e5 15. Nb3 Nxb3 16. Qxb3 Nc5 17. Qc2 e4 18. f3 exf3 19. Bxf3 Be6 20. Bd5 Bxd5 21. Nxd5 Rc8 22. Rb1 Ne4 23. b4 b5 24. c5 dxc5 25. Bb2 Bxb2 26. Qxb2 Rf7 27. bxc5 Rxc5 28. Nf4 Rd7 29. Qb3+ Rc4 30. Rxd7 Qxd7 31. Rd1 Nd2 32. Qd3 Qxd3 33. Nxd3 Ne4 34. Rc1 Rxc1+ 35. Nxc1 Nd2 36. Kf2 Nc4 37. a4 bxa4 38. Ke2 Kf7 39. Kd3 Ne5+ 40. Kc3 Ng4 41. h4 Nxe3 42. Kb4 Nf1 43. Ne2 Ke6 44. Kxa4 Ke5 45. Ka5 Ke4 46. Kxa6 Kf3 47. Nc1 Kxg3 48. Kb5 Kxh4 49. Kc4 Kg3 50. Kd3 h5 0-1

[Event "Aurora Summer op U2000"]
[Site "Aurora CAN"]
[Date "2017.07.29"]
[Round "1"]
[White "Zhao, Jeffrey Renfei"]
[Black "Shah, Omar"]
[Result "0-1"]
[WhiteElo "1868"]
[BlackElo "1641"]
[WhiteFideId "-1"]
[WhiteFideId "-1"]
[PlyCount "62"]
[GameId "2160767908347753"]
[EventDate "2017.07.29"]
[EventType "swiss"]
[EventRounds "5"]
[EventCountry "CAN"]
[SourceTitle "hb 2019"]

1. Nf3 Nf6 2. g3 b6 3. Bg2 Bb7 4. c4 c5 5. O-O e6 6. e3 Be7 7. b3 d6 8. Bb2 Nbd7 9. d4 cxd4 10. exd4 d5 11. Nbd2 O-O 12. Ne5 Rc8 13. Kh1 Rc7 14. f4 Qa8 15. Ndf3 Ne4 16. a4 Nxe5 17. fxe5 dxc4 18. bxc4 Rxc4 19. a5 bxa5 20. Rxa5 Rfc8 21. Kg1 Rc2 22. Qa1 a6 23. d5 Bc5+ 24. Bd4 Bb4 25. Ra4 a5 26. Rb1 Bxd5 27. Be3 Ng5 28. Bxg5 Bxf3 29. Bf1 Qa7+ 30. Qd4 Qxd4+ 31. Be3 Qxe3# 0-1

[Event "Aurora Summer op U2000"]
[Site "Aurora CAN"]
[Date "2017.07.29"]
[Round "2"]
[White "Shah, Omar"]
[Black "Liu, Henry"]
[Result "1-0"]
[WhiteElo "1868"]
[BlackElo "1530"]
[WhiteFideId "-1"]
[WhiteFideId "-1"]
[PlyCount "51"]
[GameId "2160767908347754"]
[EventDate "2017.07.29"]
[EventType "swiss"]
[EventRounds "5"]
[EventCountry "CAN"]
[SourceTitle "hb 2019"]

1. c4 Nf6 2. Nc3 g6 3. e4 d6 4. d4 Bg7 5. f3 O-O 6. Be3 Nbd7 7. Qd2 Re8 8. Bh6 Bh8 9. g4 e5 10. d5 Nf8 11. h4 Nxg4 12. fxg4 Bxg4 13. Be2 f5 14. Bxg4 fxg4 15. Qg2 Qd7 16. O-O-O c6 17. Nge2 Bg7 18. Bxg7 Kxg7 19. h5 b5 20. dxc6 Qxc6 21. cxb5 Qc4 22. Qxg4 Rec8 23. Kb1 a5 24. hxg6 hxg6 25. Rdf1 a4 26. Qh4 1-0

[Event "Aurora Summer op U2000"]
[Site "Aurora CAN"]
[Date "2017.07.30"]
[Round "4"]
[White "Bergeron, Matthew"]
[Black "Shah, Omar"]
[Result "1-0"]
[WhiteElo "1834"]
[BlackElo "1868"]
[WhiteFideId "-1"]
[WhiteFideId "-1"]
[PlyCount "73"]
[GameId "2160767908347755"]
[EventDate "2017.07.29"]
[EventType "swiss"]
[EventRounds "5"]
[EventCountry "CAN"]
[SourceTitle "hb 2019"]

1. c4 Nf6 2. Nc3 g6 3. e4 d6 4. d4 Bg7 5. Nf3 O-O 6. Be2 Nbd7 7. O-O e5 8. d5 Nc5 9. Qc2 a5 10. Bg5 h6 11. Be3 b6 12. Nd2 Ng4 13. Bxg4 Bxg4 14. f3 Bd7 15. b3 f5 16. a3 f4 17. Bf2 g5 18. b4 axb4 19. axb4 Na6 20. Qb3 g4 21. Ra2 Qg5 22. Ne2 Rf6 23. Rfa1 Raf8 24. Rxa6 Rg6 25. fxg4 f3 26. Nxf3 Qxg4 27. Ng3 h5 28. h4 Rf4 29. Ra8+ Kf7 30. Ng5+ Ke7 31. Nf5+ Bxf5 32. exf5 Qxf5 33. R1a7 Qd7 34. c5 Rxf2 35. Kxf2 e4 36. Qe3 Be5 37. Qxe4 1-0

[Event "Aurora Summer op U2000"]
[Site "Aurora CAN"]
[Date "2017.07.30"]
[Round "5"]
[White "Ning, Eric"]
[Black "Shah, Omar"]
[Result "1/2-1/2"]
[WhiteElo "1886"]
[BlackElo "1868"]
[WhiteFideId "-1"]
[WhiteFideId "-1"]
[PlyCount "58"]
[GameId "2160767908347756"]
[EventDate "2017.07.29"]
[EventType "swiss"]
[EventRounds "5"]
[EventCountry "CAN"]
[SourceTitle "hb 2019"]

1. d4 Nf6 2. c4 c5 3. d5 Ne4 4. Nd2 Qa5 5. Ngf3 g6 6. e3 Bg7 7. Bd3 Nd6 8. O-O b5 9. e4 Ba6 10. cxb5 Bxb5 11. Nb3 Qc7 12. e5 Bxd3 13. exd6 Qxd6 14. Qxd3 O-O 15. Be3 Na6 16. Qe2 Rfc8 17. Rac1 Rab8 18. Rfe1 h6 19. Bf4 Qxf4 20. Qxa6 c4 21. Rxe7 Bxb2 22. Rc2 Bf6 23. Ree2 Rc7 24. Nbd2 c3 25. Nf1 Qf5 26. d6 Rcb7 27. Ne3 Rb1+ 28. Nf1 Qh5 29. Qxa7 Qb5 1/2-1/2

[Event "Automne"]
[Site "Gatineau CAN"]
[Date "2017.10.31"]
[Round "1"]
[White "Bastien, Andre"]
[Black "Iyamuremye, Gervais"]
[Result "1-0"]
[WhiteElo "1802"]
[BlackElo "1484"]
[WhiteFideId "-1"]
[WhiteFideId "-1"]
[PlyCount "75"]
[GameId "2160767908309034"]
[EventDate "2017.11.07"]
[EventType "swiss"]
[EventRounds "5"]
[EventCountry "CAN"]
[SourceTitle "EXT 2022"]
[Source "ChessBase"]
[SourceDate "2021.10.06"]
[SourceVersion "1"]
[SourceVersionDate "2021.10.06"]
[SourceQuality "1"]

1. d4 Nf6 2. Nf3 d5 3. e3 Bg4 4. Bd3 e6 5. c3 h6 6. Nbd2 a6 7. O-O c5 8. Re1 Nc6 9. e4 cxd4 10. exd5 Qxd5 11. Ne4 Be7 12. Nxf6+ Bxf6 13. Be4 Qd7 14. Qa4 Bxf3 15. Bxf3 dxc3 16. Rd1 Qc7 17. bxc3 Bxc3 18. Rb1 O-O 19. Qb3 Na5 20. Qa4 Rad8 21. Rxd8 Rxd8 22. Be3 b5 23. Qg4 Qc4 24. Qg3 Qxa2 25. Rc1 Bd2 26. Rd1 g5 27. Qc7 Rd3 28. Bh5 e5 29. Qxe5 Qd5 30. Qxd5 Rxd5 31. Bxd2 Nc4 32. Bc3 Rxd1+ 33. Bxd1 a5 34. Be2 b4 35. Bxb4 axb4 36. Bxc4 Kg7 37. Kf1 Kf6 38. Ke2 1-0

[Event "Automne"]
[Site "Gatineau CAN"]
[Date "2017.10.31"]
[Round "1"]
[White "Labrie, Dany"]
[Black "Masse-Garneau, Anthony"]
[Result "1-0"]
[WhiteElo "1127"]
[BlackElo "1440"]
[WhiteFideId "-1"]
[WhiteFideId "-1"]
[PlyCount "97"]
[GameId "2160767908309037"]
[EventDate "2017.11.07"]
[EventType "swiss"]
[EventRounds "5"]
[EventCountry "CAN"]
[SourceTitle "EXT 2022"]
[Source "ChessBase"]
[SourceDate "2021.10.06"]
[SourceVersion "1"]
[SourceVersionDate "2021.10.06"]
[SourceQuality "1"]

1. e4 e5 2. Nf3 Nc6 3. Bc4 Bc5 4. O-O d6 5. h3 Nf6 6. Nc3 a6 7. Ne2 Nxe4 8. d4 exd4 9. Nexd4 Nxd4 10. Nxd4 O-O 11. c3 Qf6 12. Be3 b5 13. Bd5 Bxh3 14. Bxe4 Rae8 15. Qd3 Qh4 16. Nf5 Qxe4 17. Qxe4 Rxe4 18. gxh3 Re5 19. b4 Rxf5 20. bxc5 d5 21. a4 c6 22. axb5 axb5 23. Ra6 Rf6 24. Rfa1 h6 25. Ra8 Rxa8 26. Rxa8+ Kh7 27. h4 Re6 28. Kg2 g5 29. hxg5 hxg5 30. Bxg5 Rg6 31. f4 f6 32. Ra7+ Rg7 33. Ra6 fxg5 34. Rxc6 gxf4+ 35. Kf3 Rg3+ 36. Kxf4 Rxc3 37. Ke5 Rc1 38. Kxd5 Rd1+ 39. Ke6 Rc1 40. Kd6 b4 41. Rb6 Rd1+ 42. Kc6 Rd4 43. Kc7 Rg4 44. c6 Rc4 45. Kb7 Kg6 46. c7+ Kf5 47. c8=Q+ Rxc8 48. Kxc8 Ke4 49. Rxb4+ 1-0

[Event "Automne"]
[Site "Gatineau CAN"]
[Date "2017.10.31"]
[Round "1"]
[White "Lecorre, Joel"]
[Black "Jobin, Gilles G"]
[Result "0-1"]
[WhiteElo "1477"]
[BlackElo "1792"]
[WhiteFideId "-1"]
[WhiteFideId "-1"]
[PlyCount "46"]
[GameId "2160767908309038"]
[EventDate "2017.11.07"]
[EventType "swiss"]
[EventRounds "5"]
[EventCountry "CAN"]
[SourceTitle "EXT 2022"]
[Source "ChessBase"]
[SourceDate "2021.10.06"]
[SourceVersion "1"]
[SourceVersionDate "2021.10.06"]
[SourceQuality "1"]

1. e4 d6 2. d4 Nf6 3. Bd3 e5 4. d5 Be7 5. h3 Nbd7 6. c4 Nc5 7. Nc3 Bd7 8. Bc2 c6 9. Nge2 O-O 10. Be3 Na6 11. Ng3 Qc8 12. O-O Nc7 13. Kh2 b5 14. cxb5 cxd5 15. exd5 Nxb5 16. Nge4 Nxc3 17. Nxf6+ Bxf6 18. Qd3 e4 19. Qd2 Be5+ 20. Kg1 Nxd5 21. Bb3 Nxe3 22. Qxe3 Be6 23. Rac1 Qb7 0-1

[Event "Automne"]
[Site "Gatineau CAN"]
[Date "2017.10.31"]
[Round "1"]
[White "Lemieux, Richard"]
[Black "Gagnon, Fabien"]
[Result "1-0"]
[WhiteElo "1553"]
[BlackElo "1861"]
[WhiteFideId "-1"]
[WhiteFideId "-1"]
[PlyCount "101"]
[GameId "2160767908309039"]
[EventDate "2017.11.07"]
[EventType "swiss"]
[EventRounds "5"]
[EventCountry "CAN"]
[SourceTitle "EXT 2022"]
[Source "ChessBase"]
[SourceDate "2021.10.06"]
[SourceVersion "1"]
[SourceVersionDate "2021.10.06"]
[SourceQuality "1"]

1. e4 c5 2. Nf3 Nc6 3. d4 cxd4 4. Nxd4 Nf6 5. Nc3 e5 6. Nxc6 bxc6 7. a3 d5 8. exd5 cxd5 9. Bb5+ Bd7 10. Qe2 Bd6 11. Bg5 d4 12. Bxd7+ Qxd7 13. Ne4 Be7 14. Qf3 O-O-O 15. Nxf6 gxf6 16. Bxf6 Bxf6 17. Qxf6 Qd5 18. Qf5+ Rd7 19. O-O-O Re8 20. Kb1 h6 21. Rhe1 Re6 22. c3 d3 23. f3 f6 24. Rd2 Red6 25. Re4 Qe6 26. Qxe6 Rxe6 27. Re3 Red6 28. c4 a5 29. b3 Rd4 30. Kb2 a4 31. b4 Rxc4 32. Rexd3 Rdc7 33. Rd8+ Kb7 34. R8d7 Rxd7 35. Rxd7+ Kc6 36. Rf7 Rf4 37. Kc3 h5 38. Rf8 h4 39. h3 Kb5 40. Rb8+ Kc6 41. Kd3 Rd4+ 42. Kc3 Rf4 43. Rc8+ Kb5 44. Rc5+ Kb6 45. Rc4 Rxc4+ 46. Kxc4 Kc6 47. f4 Kd6 48. f5 Kc6 49. Kd3 Kb5 50. Ke3 Kc6 51. g3 1-0

[Event "Automne"]
[Site "Gatineau CAN"]
[Date "2017.11.07"]
[Round "2"]
[White "Ethier, Valori"]
[Black "Labrie, Dany"]
[Result "1-0"]
[WhiteElo "1373"]
[BlackElo "1127"]
[WhiteFideId "-1"]
[WhiteFideId "-1"]
[PlyCount "55"]
[GameId "2160767908309045"]
[EventDate "2017.11.07"]
[EventType "swiss"]
[EventRounds "5"]
[EventCountry "CAN"]
[SourceTitle "EXT 2022"]
[Source "ChessBase"]
[SourceDate "2021.10.06"]
[SourceVersion "1"]
[SourceVersionDate "2021.10.06"]
[SourceQuality "1"]

1. f4 d6 2. Nf3 g6 3. b3 Bg7 4. Nc3 Nc6 5. Bb2 e5 6. fxe5 Nxe5 7. e3 Ne7 8. Be2 c5 9. O-O Bg4 10. Nxe5 Bxe2 11. Qxe2 Bxe5 12. Qf3 Qd7 13. Qxf7+ Kd8 14. Qc4 a6 15. Rf7 Kc7 16. Nd5+ Kc6 17. Nxe7+ Kb6 18. Nd5+ Kc6 19. Rxd7 Kxd7 20. Bxe5 b5 21. Qg4+ Kc6 22. Ne7+ Kc7 23. Bxh8 Rxh8 24. Rf1 Kb6 25. Rf7 a5 26. Qd7 a4 27. Nd5+ Ka5 28. Qa7# 1-0

[Event "Automne"]
[Site "Gatineau CAN"]
[Date "2017.11.07"]
[Round "2"]
[White "Gagnon, Fabien"]
[Black "Lecorre, Joel"]
[Result "1-0"]
[WhiteElo "1861"]
[BlackElo "1477"]
[WhiteFideId "-1"]
[WhiteFideId "-1"]
[PlyCount "103"]
[GameId "2160767908309046"]
[EventDate "2017.11.07"]
[EventType "swiss"]
[EventRounds "5"]
[EventCountry "CAN"]
[SourceTitle "EXT 2022"]
[Source "ChessBase"]
[SourceDate "2021.10.06"]
[SourceVersion "1"]
[SourceVersionDate "2021.10.06"]
[SourceQuality "1"]

1. d4 Nf6 2. Nf3 d5 3. c4 c6 4. Qc2 g6 5. e3 Bf5 6. Bd3 Bxd3 7. Qxd3 a5 8. O-O Bg7 9. Nc3 e6 10. e4 dxe4 11. Nxe4 Nxe4 12. Qxe4 O-O 13. Bf4 Nd7 14. Rfd1 Nf6 15. Qe2 Re8 16. Ne5 Nh5 17. Be3 Qc7 18. g4 Nf6 19. Bf4 Qd8 20. Qf3 Nd7 21. Nxf7 Kxf7 22. d5 exd5 23. cxd5 Qf6 24. dxc6 Qxc6 25. Qxc6 bxc6 26. Rxd7+ Re7 27. Rxe7+ Kxe7 28. Re1+ Kf7 29. Rc1 Ra6 30. b3 Bd4 31. Rc4 Bb6 32. Kf1 Bd8 33. Ke2 Ke6 34. Kd3 Rb6 35. Re4+ Kd7 36. Bd2 Rb5 37. f4 h6 38. Bc3 Be7 39. Re5 Bd8 40. Rxb5 cxb5 41. Bg7 h5 42. gxh5 gxh5 43. Ke4 Ke6 44. f5+ Kf7 45. Bc3 a4 46. b4 h4 47. h3 Bf6 48. Bxf6 Kxf6 49. a3 Kf7 50. Ke5 Ke7 51. Kd5 Kf6 52. Kc5 1-0

[Event "Automne"]
[Site "Gatineau CAN"]
[Date "2017.11.07"]
[Round "2"]
[White "Jobin, Gilles G"]
[Black "Guimond, Michel"]
[Result "1/2-1/2"]
[WhiteElo "1792"]
[BlackElo "1897"]
[WhiteFideId "-1"]
[WhiteFideId "-1"]
[PlyCount "66"]
[GameId "2160767908309048"]
[EventDate "2017.11.07"]
[EventType "swiss"]
[EventRounds "5"]
[EventCountry "CAN"]
[SourceTitle "EXT 2022"]
[Source "ChessBase"]
[SourceDate "2021.10.06"]
[SourceVersion "1"]
[SourceVersionDate "2021.10.06"]
[SourceQuality "1"]

1. e4 e6 2. b3 d5 3. Bb2 d4 4. Nf3 c5 5. Bb5+ Bd7 6. Bxd7+ Nxd7 7. d3 Bd6 8. Qe2 Qc7 9. Nbd2 Ne7 10. Nc4 Nc6 11. Nxd6+ Qxd6 12. O-O O-O 13. Bc1 f5 14. Re1 fxe4 15. Qxe4 Rae8 16. Ng5 Nf6 17. Qh4 e5 18. Ne4 Nxe4 19. Qxe4 Nb4 20. Qe2 Rf5 21. g4 Rff8 22. a3 Nd5 23. Bd2 Qd7 24. Rac1 Rf7 25. f3 Ref8 26. Rf1 h5 27. Qg2 hxg4 28. Qxg4 Qc6 29. Qe4 Qe6 30. Rce1 Rf6 31. Qxe5 Qf7 32. Re4 Nc7 33. Bg5 Rxf3 1/2-1/2